2025 MLB Opening Day Lineups - Statistics

General Stats
  • This quiz has been taken 316 times
  • The average score is 146 of 300
Answer Stats
Position Player % Correct
1B Bryce Harper
85%
RF Cam Smith
83%
SS Josh Smith
83%
C Will Smith
83%
RF Corbin Carroll
82%
2B Ketel Marte
82%
DH Starling Marte
82%
1B Freddie Freeman
81%
SS Trea Turner
81%
RF Aaron Judge
79%
SS Bobby Witt Jr.
79%
SS Elly De La Cruz
79%
CF Oneil Cruz
79%
SP Paul Skenes
79%
RF Fernando Tatis Jr.
78%
LF Jose Altuve
78%
SS Mookie Betts
78%
DH Shohei Ohtani
78%
C J.T. Realmuto
77%
SP Zack Wheeler
77%
3B Alec Bohm
76%
C Bo Naylor
76%
1B Josh Naylor
76%
DH Kyle Schwarber
76%
C Salvador Pérez
76%
SP Tarik Skubal
76%
3B Manny Machado
75%
3B Eugenio Suárez
74%
SP Hunter Greene
74%
DH Josh Bell
74%
CF Julio Rodríguez
74%
LF Riley Greene
74%
RF Teoscar Hernández
74%
1B Matt Olson
73%
RF Mike Trout
73%
DH Yordan Álvarez
73%
SP Zac Gallen
73%
3B Alex Bregman
72%
C Cal Raleigh
72%
1B Endy Rodriguez
72%
RF Juan Soto
72%
SS Orlando Arcia
72%
SS Anthony Volpe
71%
2B Ozzie Albies
71%
SS Francisco Lindor
70%
SS Javier Báez
70%
1B Vladimir Guerrero Jr.
70%
1B Willson Contreras
70%
C Adley Rutschman
69%
3B Austin Riley
69%
1B Christian Walker
69%
RF Jordan Walker
69%
1B Paul Goldschmidt
69%
CF Pete Crow-Armstrong
69%
1B Pete Alonso
68%
2B Bryson Stott
67%
DH Christian Yelich
67%
3B José Ramírez
67%
RF Kyle Tucker
67%
RF Adolis García
66%
C Austin Wells
66%
DH Brent Rooker
66%
CF Cody Bellinger
66%
C Elias Díaz
66%
C Gabriel Moreno
66%
SS Geraldo Perdomo
66%
2B Luis García Jr.
66%
2B | 3B Max Muncy
66%
C William Contreras
66%
C Yainer Díaz
66%
DH Yandy Díaz
66%
SP Blake Snell
65%
SS Bo Bichette
65%
SP Garrett Crochet
65%
RF Nick Castellanos
65%
SS Dansby Swanson
64%
DH Spencer Torkelson
64%
SS Willy Adames
64%
DH Corey Seager
63%
LF Jarren Duran
63%
SS Jeremy Peña
63%
DH Rafael Devers
63%
CF Brandon Marsh
62%
SS Carlos Correa
62%
SP Chris Sale
62%
SP Framber Valdez
62%
1B Luis Arráez
62%
DH Marcell Ozuna
62%
3B Matt Chapman
62%
CF Michael Harris II
62%
3B Nolan Arenado
62%
CF Byron Buxton
61%
RF Lawrence Butler
61%
2B Jazz Chisholm Jr.
60%
2B Luisangel Acuña
60%
DH Seiya Suzuki
60%
SS Trevor Story
60%
SS Xander Bogaerts
60%
C Alejandro Kirk
59%
CF Cedric Mullins
59%
SP Logan Webb
59%
LF Lourdes Gurriel Jr.
59%
C Shea Langeliers
59%
DH Yuli Gurriel
59%
SP Carlos Rodón
58%
CF Jackson Merrill
58%
SS Jacob Wilson
58%
LF James Wood
58%
CF Luis Robert Jr.
58%
2B Marcus Semien
58%
2B Nico Hoerner
58%
1B Triston Casas
58%
2B Brandon Lowe
57%
LF Jackson Chourio
57%
RF Josh Lowe
57%
LF Jurickson Profar
57%
1B Nathaniel Lowe
57%
RF Bryan Reynolds
56%
CF George Springer
56%
LF Ian Happ
56%
CF Lane Thomas
56%
C Logan O'Hoppe
56%
2B Otto López
56%
SP Pablo López
56%
LF Taylor Ward
56%
2B Gleyber Torres
55%
SS J.P. Crawford
55%
SP Luis Severino
55%
1B Ryan Mountcastle
55%
DH Vinnnie Pasquantino
55%
SS CJ Abrams
54%
2B Jake Cronenworth
54%
CF Jung Hoo Lee
54%
3B Ke'Bryan Hayes
54%
C Korey Lee
54%
SP Freddy Peralta
53%
C Jake Rogers
53%
CF Tommy Edman
53%
RF Wilyer Abreu
53%
LF Brandon Nimmo
52%
2B Brice Turang
52%
CF Ceddanne Rafaela
52%
SP Cole Ragans
52%
3B Isaac Paredes
52%
SS Jackson Holliday
52%
SP Logan Gilbert
52%
SP Michael King
52%
C Keibert Ruiz
51%
2B Miguel Rojas
51%
3B Oswaldo Cabrera
51%
C Patrick Bailey
51%
2B Andrés Giménez
50%
3B Matt Shaw
50%
1B Michael Busch
50%
SP Sonny Gray
50%
LF Andy Pages
49%
LF Anthony Santander
49%
DH Ben Rice
49%
C Connor Wong
49%
SP Justin Steele
49%
LF Randy Arozarena
49%
3B Ryan McMahon
49%
LF Steven Kwan
49%
SS Ezequiel Tovar
48%
1B Rhys Hoskins
48%
1B Tyler Soderstrom
48%
DH Andrew McCutchen
47%
2B Brendan Donovan
47%
3B Josh Jung
47%
SS Masyn Winn
46%
LF Jasson Domínguez
45%
SP MacKenzie Gore
45%
LF Max Kepler
45%
LF Wyatt Langford
45%
DH Andrew Benintendi
44%
3B Jorge Polanco
44%
C Drake Baldwin
43%
SP Nathan Eovaldi
43%
2B Tim Anderson
43%
SS Jacob Amaya
42%
CF Jake McCarthy
42%
2B Jordan Westburg
42%
DH Jorge Soler
42%
C Miguel Amaya
42%
RF Sal Frelick
42%
1B Andrew Vaughn
41%
LF Heliot Ramos
41%
2B Kristian Campbell
41%
LF Michael A. Taylor
41%
CF Tyrone Taylor
41%
1B Jake Burger
40%
SS Joey Ortiz
40%
SP José Berríos
40%
DH Kris Bryant
40%
SP Kyle Freeland
40%
1B LaMonte Wade Jr.
40%
3B Mark Vientos
40%
LF MJ Melendez
40%
C Ryan Jeffers
40%
1B Carlos Santana
39%
RF Dylan Crews
39%
3B Jonathan India
39%
SP Zach Eflin
39%
CF Brenton Doyle
38%
RF Jarred Kelenic
38%
RF Mike Yastrzemski
38%
DH Spencer Steer
38%
LF Gavin Lux
37%
CF JJ Bleday
37%
CF Jo Adell
37%
C Joey Bart
37%
DH Ryan O'Hearn
37%
SP Yusei Kikuchi
37%
LF Colton Cowser
36%
1B Rowdy Tellez
36%
1B Ty France
36%
1B Colt Keith
35%
RF Jhonkensy Noel
35%
RF Tyler O'Neill
35%
SS Xavier Edwards
35%
SP Clay Holmes
34%
CF Jake Meyers
34%
3B Ramón Urías
34%
CF TJ Friedl
34%
CF Victor Scott II
34%
DH Alec Burleson
33%
SS Brayan Rocchio
33%
2B Brendan Rodgers
33%
3B Junior Caminero
33%
CF Kyle Isbel
33%
2B Matt McLain
33%
3B Miguel Vargas
33%
1B Nolan Schanuel
33%
C Iván Herrera
32%
SS Isiah Kiner-Falefa
31%
DH Wilmer Flores
31%
LF Christopher Morel
30%
3B Ernie Clement
30%
RF Hunter Renfroe
30%
3B Jeimer Candelario
30%
3B Luis Rengifo
30%
DH Luke Raley
30%
C Jose Trevino
29%
LF Kyle Stowers
29%
1B Michael Toglia
29%
LF Harrison Bader
28%
LF Lars Nootbaar
28%
SP Sandy Alcántara
28%
RF Victor Robles
28%
1B Christian Encarnacion-Strand
27%
1B Curtis Mead
27%
CF Garrett Mitchell
27%
RF Jake Fraley
27%
DH Kyle Manzardo
27%
2B Lenyn Sosa
27%
2B Michael Massey
27%
C Danny Jansen
26%
C Hunter Goodman
26%
C Kyle Higashioka
26%
C Nick Fortes
26%
2B Tyler Fitzgerald
26%
3B Andy Ibáñez
25%
2B Willi Castro
25%
CF Jacob Young
24%
SP Sean Burke
24%
DH Randal Grichuk
23%
1B Cavan Biggio
22%
LF Miguel Andujar
22%
SP Ryan Pepiot
22%
SS Taylor Walls
22%
LF Tommy Pham
22%
DH Trevor Larnach
22%
C Luis Torrens
21%
3B Gio Urshela
20%
2B Nick Gonzales
18%
SP Ben Lively
17%
CF Kevin Pillar
17%
RF Matt Wallner
17%
LF Jordan Beck
16%
3B José Miranda
16%
SS Kevin Newman
16%
CF Derek Hill
15%
2B Gabriel Arias
15%
3B Paul DeJong
15%
DH Jonah Bride
14%
2B Kyle Farmer
14%
1B Matt Mervis
14%
CF Jonny DeLuca
13%
RF Manuel Margot
13%
RF Austin Slater
12%
LF Brandon Lockridge
12%
2B Ryan Bliss
12%
DH Will Wagner
12%
RF Griffin Conine
11%
RF Alan Roden
10%
3B Vinny Capra
10%
RF Nick Martini
9%
CF Ryan Kreidler
7%
3B Graham Pauley
6%
No matching quizzes found
Score Distribution
Percent of People with Each Score
Percentile by Number Answered
Your Score History
You have not taken this quiz